Statistiques concernant Paroles - Je t'haine - Loic Nottet

Cliquez ici pour prendre le quiz!

Statistiques générales

  • Ce quiz a été pris 18 fois
  • Le résultat moyen est 211 sur 298

Statistiques - réponses

Réponse% Correct
Je
100%
je
100%
le
100%
les
100%
a
93%
à
93%
ce
93%
la
93%
dans
86%
pour
86%
que
86%
s'en
86%
au
79%
bal
79%
cette
79%
coeur
79%
crois
79%
de
79%
dire
79%
en
79%
et
79%
faire
79%
mal
79%
mon
79%
nos
79%
nous
79%
qu'on
79%
sans
79%
t'haine
79%
tour
79%
un
79%
amour
71%
ça
71%
coeurs
71%
dos
71%
est
71%
il
71%
jour
71%
leurs
71%
mais
71%
masque
71%
même
71%
moindre
71%
peine
71%
qui
71%
romance
71%
si
71%
son
71%
te
71%
ton
71%
tournera
71%
tous
71%
tout
71%
yeux
71%
aimons
64%
allé
64%
alors
64%
bien
64%
comme
64%
connu
64%
d'amour
64%
demi
64%
désirons
64%
deux
64%
fait
64%
faudra
64%
laissons
64%
mettre
64%
on
64%
64%
parler
64%
pense
64%
peut
64%
plein
64%
plus
64%
prendre
64%
scène
64%
soit
64%
t'aime
64%
temps
64%
valser
64%
victime
64%
aucune
57%
celui
57%
c'est
57%
change
57%
complices
57%
court
57%
cracher
57%
critique
57%
déjà
57%
doux
57%
été
57%
facile
57%
fous
57%
gêne
57%
l'aimer
57%
l'autre
57%
l'histoire
57%
manque
57%
mise
57%
mois
57%
moments
57%
oblige
57%
piste
57%
purs
57%
quitte
57%
qu'un
57%
risque
57%
s'abandonner
57%
s'affaiblissent
57%
s'avérer
57%
savoir
57%
s'ils
57%
simple
57%
sont
57%
soyons
57%
t'as
57%
tel
57%
tellement
57%
triste
57%
vaut
57%
ventre
57%
vraiment
57%
crépite
50%
crient
50%
d'être
50%
feu
50%
file
50%
idyllique
50%
l'amour
50%
l'important
50%
passion
50%
penser
50%
premiers
50%
prix
50%
qu'elle
50%
ressenti
50%
romantique
50%
semble
50%

Distribution des résultats

Percentile par nombre de réponses

% des personnes avec chaque résultat

Votre développement - résultats

Vous n’avez pas pris ce quiz